000
00246nam a2200097Ia 4500
001
979464
005
20250826220807.0
008
250824s9999 xx 000 0 und d
245
0
_a
AAMKI HAYAL
_c
FİLİBELİ AHMED HİLMİ
260
_b
DESTEK YAYINLARI
999
_c
979464
_d
979464